25 largest cities by letter - L - Statistics

General Stats
  • This quiz has been taken 88 times
  • The average score is 14 of 25
Answer Stats
Country Population City % Correct
Peru 7,737,002 Lima
100%
United Kingdom 7,556,900 London
99%
Nigeria 9,000,000 Lagos
98%
Pakistan 6,310,888 Lahore
93%
United Kingdom 864,122 Liverpool
93%
United States 3,971,883 Los Angeles
91%
Bolivia 812,799 La Paz
89%
Angola 2,776,168 Luanda
89%
Zambia 1,267,440 Lusaka
81%
Ukraine 717,803 Lviv
81%
Togo 749,700 Lome
79%
Poland 768,755 Łódź
76%
Malawi 646,750 Lilongwe
74%
United States 623,747 Las Vegas
66%
India 2,472,011 Lucknow
61%
Democratic Republic of the Congo 1,373,770 Lubumbashi
49%
Mexico 1,238,962 Leon
41%
China 2,628,426 Lanzhou
25%
Argentina 694,167 La Plata
19%
China 1,390,581 Luoyang
16%
India 1,545,368 Ludhiana
11%
China 720,119 Langfang
3%
Philippines 590,000 Las Pinas
3%
China 687,890 Liaoyang
1%
China 1,137,600 Lijiang
1%
No matching quizzes found
Score Distribution
Percent of People with Each Score
Percentile by Number Answered
Your Score History
You have not taken this quiz